Central Library OPAC University of Rajshahi

‏نوادر الوصول فى شرح الفصول /‏ ;; Navādir al-vuṣūl fī sharḥ al-Fuṣūl / (Record no. 82601)

MARC details
000 -LEADER
fixed length control field 00907cam a2200253 a 4500
001 - CONTROL NUMBER
control field 82601
003 - CONTROL NUMBER IDENTIFIER
rucl marc code BD-RjUL
005 - DATE AND TIME OF LATEST TRANSACTION
control field 20240114120818.0
008 - FIXED-LENGTH DATA ELEMENTS--GENERAL INFORMATION
fixed length control field 24 s1900 ii 000 0 per d
035 ## - SYSTEM CONTROL NUMBER
System control number (BD-RjUL)82601
040 ## - CATALOGING SOURCE
Original cataloging agency PUL
Language of cataloging eng
Transcribing agency PUL
Modifying agency OCLCQ
-- OCLCG
-- PUL
-- OCLCQ
-- DLC
041 ## - LANGUAGE CODE
Language code of text/sound track or separate title per/ara
082 ## - DEWEY DECIMAL CLASSIFICATION NUMBER
Edition number 23
Classification number 492.7
Author mark and year SAN 1900
100 0# - MAIN ENTRY--PERSONAL NAME
Personal name Muḥammad Saiʻd ,
9 (RLIN) 10810
245 10 - TITLE STATEMENT
Title ‏نوادر الوصول فى شرح الفصول /‏ ;; Navādir al-vuṣūl fī sharḥ al-Fuṣūl /
Statement of responsibility, etc. Muḥammad Saiʻdمحمد سعيد
246 3# - VARYING FORM OF TITLE
Title proper/short title Nawādir al-wuṣūl fī sharḥ al-Fuṣūl
260 ## - PUBLICATION, DISTRIBUTION, ETC. (IMPRINT)
Place of publication, distribution, etc. Kanpur :
Name of publisher, distributor, etc. Dar matbaa mahya,
Date of publication, distribution, etc. 1316 [1900]
300 ## - PHYSICAL DESCRIPTION
Pagination 326 pages ;
Size 26 cm
500 ## - GENERAL NOTE
General note Lithographed.
General note Commentary on M. Akbar Ilāhābādi's Fuṣūl-i Akbarī.
650 #0 - SUBJECT ADDED ENTRY--TOPICAL TERM
Topical term or geographic name as entry element Arabic language
General subdivision Grammar.
700 1# - ADDED ENTRY--PERSONAL NAME
Personal name ʻAbd al-Aḥad, Muḥammad.
942 ## - ADDED ENTRY ELEMENTS (KOHA)
Source of classification or shelving scheme Dewey Decimal Classification
Koha item type Books
Holdings
Lost status Source of classification or shelving scheme Damaged status Not for loan Collection code Permanent Location Current Location Shelving location Date acquired Total Checkouts Full call number Date last seen Copy number Koha item type
  Dewey Decimal Classification   Not For Loan Non-fiction Central Library, University of Rajshahi Central Library, University of Rajshahi Reading Room 14/01/2024   A 492.75 SAN 1900 14/01/2024 C-1 Books